A more satisfactory outcome (Record no. 73890)
[ view plain ]
| 000 -LEADER | |
|---|---|
| fixed length control field | 01068cam a2200217 4500 |
| 001 - CONTROL NUMBER | |
| control field | ABS67267 |
| 008 - FIXED-LENGTH DATA ELEMENTS--GENERAL INFORMATION | |
| fixed length control field | 031128n2003 000 0 eng u |
| 035 ## - SYSTEM CONTROL NUMBER | |
| System control number | (Sirsi) u124513 |
| 100 ## - MAIN ENTRY--PERSONAL NAME | |
| Personal name | Murdoch, S. |
| 245 #2 - TITLE STATEMENT | |
| Title | A more satisfactory outcome |
| 260 ## - PUBLICATION, DISTRIBUTION, ETC. | |
| Date of publication, distribution, etc. | 2003 |
| 490 ## - SERIES STATEMENT | |
| Series statement | Estates Gazette |
| Volume/sequential designation | (0346) 15 November 2003, 129(1) |
| 520 ## - SUMMARY, ETC. | |
| Summary, etc. | Discusses "Canary Wharf Investments v Telegraph Group Ltd" ([2003] EWHC 1575 (Ch), Abs67266) in which it was held that a hypothetical lease subject to a grant of 25 years without any express provision as to its start date must be construed as commencing on its review date. This decision has important implications as it reverses previous case law where it was held that the hypothetical leases should start on the same date as the action lease as directed. (See also Abs67044). |
| 590 ## - LOCAL NOTE (RLIN) | |
| Local note | ABS |
| 650 ## - SUBJECT ADDED ENTRY--TOPICAL TERM | |
| Topical term or geographic name entry element | CANARY WHARF INVESTMENTS V TELEGRAPH GROUP LTD |
| 650 ## - SUBJECT ADDED ENTRY--TOPICAL TERM | |
| Topical term or geographic name entry element | RENT REVIEWS |
| 650 ## - SUBJECT ADDED ENTRY--TOPICAL TERM | |
| Topical term or geographic name entry element | HYPOTHETICAL LEASES |
| 650 ## - SUBJECT ADDED ENTRY--TOPICAL TERM | |
| Topical term or geographic name entry element | 25 YEAR LEASE |
| 690 ## - LOCAL SUBJECT ADDED ENTRY--TOPICAL TERM (OCLC, RLIN) | |
| Topical term or geographic name as entry element | LANDLORD AND TENANT-RENT REVIEWS-CASE LAW |
| 942 ## - ADDED ENTRY ELEMENTS (KOHA) | |
| Suppress in OPAC | 0 |
| Withdrawn status | Lost status | Source of classification or shelving scheme | Damaged status | Not for loan | Home library | Current library | Shelving location | Date acquired | Total Checkouts | Full call number | Barcode | Date last seen | Copy number | Price effective from | Koha item type |
|---|---|---|---|---|---|---|---|---|---|---|---|---|---|---|---|
| Dewey Decimal Classification | London | London | Journal article | 28/11/2003 | ABS67267 | 124513-1001 | 06/08/2019 | 1 | 06/08/2019 | Law report |